Mundellov-Flemingov model a jeho aplikácia na ekonomiku Slovenskej republiky bakalárska práca

Uložené v:
Podrobná bibliografia
Hlavný autor: Sládek, Radoslav
Korporativný autor: Fakulta hospodárskej informatiky EU. Katedra operačného výskumu a ekonometrie
Ďalší autori: Komáromy, Peter
Médium: Kniha
Jazyk:Slovak
Vydavateľské údaje: Bratislava 2009
Tagy: Pridať tag
Žiadne tagy, Buďte prvý, kto otaguje tento záznam!

MARC

LEADER 00000nam$a2200000$$$4500
001 0097657
005 20240318134137.5
041 0 |a slo 
044 |a SK 
245 1 0 |a Mundellov-Flemingov model a jeho aplikácia na ekonomiku Slovenskej republiky  |b bakalárska práca  |c Radoslav Sládek ; škol. Peter Komáromy 
264 1 |a Bratislava  |c 2009 
300 |a 26 s. 
100 1 |a Sládek, Radoslav 
700 1 |a Komáromy, Peter 
710 2 |a Fakulta hospodárskej informatiky EU. Katedra operačného výskumu a ekonometrie